LEADER 01061nam a2200277 4500 001 000000367449 003 CaOOAMICUS 005 20260424144252.0 008 260424s2000 it 000 u ita r 020 $a88-207-3162-2 040 $aSeMil$bita 100 1 $aBarbero, Alessandro,$d<1959- >.$0(OLS)http://semarc/name/89980 245 10$aValle d'Aosta medievale /$cAlessandro Barbero. 264 1$aNapoli :$bLiguori Editore,$c2000. 300 $a271 p. ;$c24 cm 490 1 $aNuovo medioevo ;$v62 490 1 $aBiblioteca 830 0$aBiblioteca.$0(OLS)http://semarc/title/7577 830 0$aNuovo medioevo ;$v62.$0(OLS)http://semarc/title/12501 850 $aSeMil 852 $aSeMil$W1$xVenegono$y1$B258146$CSeMilBibl$Z2$F258146 $81 961 $aCaspani Maurizio - Lascito -- Con dedica 996 $6020$a88-207-3162-2$9(OLS)http://semarc/number/305742 996 $6245$aValle d'Aosta medievale$9(OLS)http://semarc/title/459384 996 $6264$aNapoli :$bLiguori Editore$9(OLS)http://semarc/publisher/31624